| 000 | 01142nam a22002657a 4500 | ||
|---|---|---|---|
| 001 | 22137 | ||
| 005 | 20260331143233.0 | ||
| 008 | 260327b |||||||| |||| 00| 0 spa d | ||
| 020 | _a9789500695886 | ||
| 041 | _aESP | ||
| 082 |
_a611 _bL28 T. 1 |
||
| 100 |
_aLatarjet, Michel, _eAUT |
||
| 245 | _aAnatomía humana | ||
| 250 | _aQuinta edición, segunda reimpresión | ||
| 260 |
_aBuenos Aires : _bMédica Panamericana, _c2021 |
||
| 300 |
_axix, 823 páginas : _bfiguras ; _c28 cm. |
||
| 650 | _aTCA | ||
| 653 | _aMedicina; Anatomía humana | ||
| 654 | _aCCS | ||
| 700 |
_aRuiz Liard, Alfredo, _cAUT |
||
| 856 |
_uhttps://0u216usew-y-https-accessmedicina-mhmedical-com.itmsp.museknowledge.com/Book.aspx?bookid=3211 _zVéase además: Anatomía macroscópica. Un panorama general. Versión digital |
||
| 856 |
_uhttps://itmsp.museknowledge.com/UCSP?groupID=2&action=source&sourceID=AccessMedicina_IP _zVéase además: Base de datos McGraw Hill Access Medicina |
||
| 856 |
_uhttps://0u23futx8-y-https-www-clinicalkey-com.itmsp.museknowledge.com/student/login _zVéase además: Base de datos ClinicalKey |
||
| 942 |
_cLIB _dJUS _fTRC _n0 _2ddc |
||
| 999 |
_c22137 _d22137 |
||